Welcome to CU Library Online Public Access Catalogue (OPAC)

Heat Pumps (Record no. 8335)

MARC details
000 -LEADER
fixed length control field 00492nam a22001577a 4500
005 - DATE AND TIME OF LATEST TRANSACTION
control field 20251122143044.0
008 - FIXED-LENGTH DATA ELEMENTS--GENERAL INFORMATION
fixed length control field 251122b |||||||| |||| 00| 0 eng d
020 ## - INTERNATIONAL STANDARD BOOK NUMBER
International Standard Book Number 0882662554
050 ## - LIBRARY OF CONGRESS CALL NUMBER
Classification number TH7638
Item number .M38
100 ## - MAIN ENTRY--PERSONAL NAME
Personal name McGuigan, Dermot
245 ## - TITLE STATEMENT
Title Heat Pumps
Remainder of title an efficient heating & cooling alternative
Statement of responsibility, etc. Dermot McGuigan with Amanda McGuigan
260 ## - PUBLICATION, DISTRIBUTION, ETC.
Place of publication, distribution, etc. Charlotte, Vermont
Name of publisher, distributor, etc. Garden Way Publishing
Date of publication, distribution, etc. 1981
300 ## - PHYSICAL DESCRIPTION
Extent 202p.
Other physical details ill.
Dimensions 23cm
700 ## - ADDED ENTRY--PERSONAL NAME
Personal name McGuigan, Amanda
942 ## - ADDED ENTRY ELEMENTS (KOHA)
Source of classification or shelving scheme Library of Congress Classification
Koha item type Books
Suppress in OPAC No
999 ## -
-- 8335
-- 8335
Holdings
Withdrawn status Lost status Source of classification or shelving scheme Damaged status Not for loan Collection Home library Current library Shelving location Date acquired Total checkouts Full call number Barcode Date last seen Copy number Price effective from Koha item type
    Library of Congress Classification     Non-fiction Science Library (Miotso) Science Library (Miotso) General stacks 11/22/2025   TH7638 .M38 McG SLM00005998 11/22/2025 1 11/22/2025 Books
© 2023-2024 Copyright: Central University Libraries. All Rights Reserved | Created by: Mahone Tech Office